| 000 | 01389nam0a2200289 4500 | ||
|---|---|---|---|
| 001 | RU\NLR\bibl\981236 | ||
| 005 | 20260405094639.0 | ||
| 010 |
_a5-94157-862-8 _93000 |
||
| 021 |
_aRU _b2006-45766 _92287 |
||
| 035 | _a(NLR Aleph) 000969133 | ||
| 090 |
_a388016 _c388016 |
||
| 100 | _a20060906d2006 |||y0rusy50 ca | ||
| 101 | 0 | _arus | |
| 102 | _aRU | ||
| 105 | _aa ||||||||| | ||
| 200 | 1 |
_aСоздай свойсупер-сайт в Dreamweaver 8 _e[планирование и структура сайта, возможности программы Macromedia Dremweaver 8. Внешний вид сайта. Основы HTML и CSS. Оптимизация и тестирование. Выбор хостинга и раскрутка сайта в Интернете] _fОльга Морозова |
|
| 210 |
_aСанкт-Петербург _cБХВ-Петербург _d2006 |
||
| 215 |
_a252 с. _cил. _d24 |
||
| 320 | _aПредм. указ.: с. 251-252 | ||
| 606 | 1 |
_aDREAM WEAVER 8.0, визуальный редактор _92413914 _3RU\NLR\auth\661438019 |
|
| 686 | _aЗ988.02 | ||
| 700 | 1 |
_4070 _8rus _7ca _aМорозова _bО. М. _cспец. по информац. технологиям _gОльга Михайловна _3RU\NLR\auth\7735306 _918304 |
|
| 801 | 0 |
_aRU _bNLR _c20060906 _grcr |
|
| 801 | 1 |
_aRU _bNLR _c20060906 |
|
| 942 | _cBOOK | ||
| 980 | _aNB | ||